000
00497nam a2200169Ia 4500
008
090124s9999 xx 000 0 und d
082
_b
4290
100
_a
पेंडसे ग. सी.
245
_a
काम-पुरुषार्थ
250
_a
0
300
_a
324
600
_a
पेंडसे ग. सी.
630
_a
काम-पुरुषार्थ
700
_a
पेंडसे ग. सी.
730
_a
काम-पुरुषार्थ
942
_c
BOOK
999
_c
83818
_d
83818